Statistics for Europe Map Quiz - One Minute Sprint

Click here to take the quiz!

General Stats

  • This quiz has been taken 1,021 times
  • The average score is 20 of 45

Answers on the Map

Answers color-coded by a green-red scale on the quiz's map according to % correct below.
 

Answer Stats

Answer% Correct
France
94%
Italy
89%
Iceland
88%
Ireland
88%
Greece
87%
Portugal
85%
Spain
84%
United Kingdom
83%
Finland
81%
Germany
81%
Russia
81%
Denmark
79%
Norway
76%
Belgium
73%
Sweden
73%
Netherlands
67%
Luxembourg
61%
Austria
58%
Switzerland
56%
Czech Republic
55%
Poland
39%
Slovakia
36%
Belarus
33%
Estonia
33%
Latvia
32%
Lithuania
31%
Ukraine
23%
Bulgaria
22%
Moldova
20%
Albania
18%
Bosnia and Herzegovina
15%
Romania
15%
Andorra
14%
Croatia
14%
Hungary
13%
Kosovo
12%
Macedonia
12%
Liechtenstein
9%
Malta
8%
Montenegro
8%
Serbia
7%
Monaco
6%
Slovenia
6%
San Marino
5%
Vatican City
5%

Score Distribution

Percentile by Number Answered

Percent of People with Each Score

Your Score History

You have not taken this quiz